000
00329nam a22001457a 4500
003
SGT
020
_a
9788172253042
082
_a
612.015
_b
B08S
100
_a
D C Sharma
245
_a
Biochemistry For Dental Students
260
_a
NEW DELHI
_b
I.B. PUBLISHER
_c
2008
300
_a
372
650
_a
Biochemistry
942
_2
ddc
_c
BK
999
_c
15570
_d
15570